000 00827nam a22002657a 4500
003 UA-OsUOA
001 58455
007 ta
008 20090210b un ||||| |||| 00| 0 ukr d
100 _aАрешидзе Л.Г.
700 _aКрупянко И.М.
700 _aКрупянко М.И.
090 _a328/329 (520) (038)
_bА80
942 _cBK
040 _aUA-OsUOA
_brus
_cUA-OsUOA
_dUA-OsUOA
245 _aСовременная Япония
_bПолитический справочник в схемах и таблицах
300 _a151 с.
955 _a4
041 _arus
080 _a328/329 (520) (038)
020 _a5-02-018332-6
260 _aМ.
_bВост. лит.
_c2003
650 7 _a328 Парламенти. Представництво народу. Уряди
_2UDC
999 _c344538
_d344538